Aasian pääkaupungit minuutissa - Statistics

Yleistilastot
  • Tätä visaa on pelattu 422 kertaa
  • Keskiarvotulos 17 / 48
Vastaustilastot
Pääkaupunki % Oikein
Tokio
90%
Peking
86%
Soul
71%
Bangkok
62%
New Delhi
61%
Jakarta
56%
Ankara
55%
Jerusalem
54%
Teheran
53%
Hanoi
52%
Bagdad
51%
Manila
46%
Riad
44%
Amman
43%
Baku
42%
Taipei
40%
Pjongjang
37%
Beirut
36%
Singapore
36%
Abu Dhabi
35%
Astana
35%
Sanaa
35%
Tbilisi
35%
Doha
34%
Islamabad
34%
Ulaanbaatar
34%
Kabul
31%
Nikosia
31%
Damaskos
30%
Kuala Lumpur
30%
Jerevan
29%
Dhaka
27%
Dili
26%
Kathmandu
24%
Masqat
23%
Taškent
22%
Malé
21%
Manama
21%
Kuwait
20%
Vientiane
20%
Kotte
19%
Biškek
18%
Ašgabat
16%
Dušanbe
16%
Thimphu
15%
Bandar Seri Begawan
14%
Phnom Penh
14%
Naypyidaw
12%
Ehtoja vastaavia visoja ei löytynyt
Tulosjakauma
Jokaisen tuloksen saaneiden osuus
Persentiili vastausten määrän mukaan
Tuloshistoriasi
Et ole pelannut tätä visaa